000 00246nam a2200109Ia 4500
008 200302s9999 xx 000 0 und d
100 _aLesley Stevenson
245 _aGauguin
260 _bPark Lane Books Ltd.
260 _c1990
300 _a176 P.,
999 _c1294
_d1294